Les clubs espagnols en 1/2 finale de Coupe d'Europe - Statistiques

Statistiques générales
  • Ce quiz a été pris 122 fois
  • Le résultat moyen est 11 sur 16
Statistiques - réponses
Nbre de participations Clubs % Correct
27 FC Barcelone
100%
37 Real Madrid
100%
16 Atletico de Madrid
99%
7 FC Séville
96%
7 Valence CF
93%
6 Villarreal CF
82%
2 Athletic Club Bilbao
80%
1 Real Sociedad
77%
2 Deportivo La Corogne
71%
2 RCD Espanyol de Barcelone
54%
1 Celta de Vigo
48%
1 RCD Mallorca
45%
3 Real Saragosse
41%
1 CA Osasuna
36%
1 Deportivo Alavés
36%
1 CD Tenerife
12%
Aucun quiz correspondant
Distribution des résultats
% des personnes avec chaque résultat
Percentile par nombre de réponses
Votre historique - résultats
Vous n’avez pas pris ce quiz